Statistics for Hip Hop songs 2018

Click here to take the quiz!

General Stats

  • This quiz has been taken 40 times
  • The average score is 6 of 10

Answer Stats

SongArtist% Correct
Gods PlanDrake
94%
Lucid DreamsJuice Wrld
89%
Praise the LordASAP Rocky
81%
Murder on my MindYNW Melly
67%
Mo BambaSheck Wes
64%
VenomEminem
61%
ZEZEKodak Black, Travis Scott
53%
LegendsJuice Wrld
42%
whoaXXXTentacion
22%
Burberry HeadbandLil Mosey
19%

Score Distribution

Percentile by Number Answered

Percent of People with Each Score

Your Score History

You have not taken this quiz